000 00497nam a2200181Ia 4500
005 20250508152250.0
008 008 250505s9999 xx 000 0 eng d
037 _aTextual
040 _aFEDL
_beng
_cFEDL
041 _aeng
_2eng
084 _a911.3, EKB
_qFEDL
100 _aEkblaw Sidney E
245 0 _aEconomic and social geography
260 _aNew York, USA
_bMcGraw-Hall Book Company
_c1958
300 _a411p.
942 _cTEXL
_h911.3, EKB
999 _c1335395
_d1335395